[Event "AUS-ch Major"]
[Site "Parramatta"]
[Date "2008.01.08"]
[Round "8"]
[White "Buciu, John Aurel"]
[Black "Greenwood, Norman"]
[Result "1-0"]
[WhiteElo "1502"]
[BlackElo "1515"]
[PlyCount "149"]
[EventDate "2008.01.02"]
[EventType "swiss"]
[EventRounds "11"]
[EventCountry "AUS"]
[SourceTitle "EXT 2010"]
[Source "ChessBase"]
[SourceDate "2010.11.25"]
[SourceVersion "1"]
[SourceVersionDate "2010.11.25"]
[SourceQuality "1"]

1. d4 e6 2. Bf4 Nf6 3. Nf3 c5 4. c3 cxd4 5. Nxd4 Nc6 6. e3 Qb6 7. Nb3 Be7 8. Bd3 0-0 9. Qc2 d5 10. N1d2 e5 11. Bg5 e4 12. Be2 Bf5 13. h4 h6 14. Bxf6 Bxf6 15. g4 Bh7 16. g5 hxg5 17. hxg5 Bxg5 18. 0-0-0 Nb4 19. Qb1 Rfc8 20. Rh5 Bh6 21. Rg1 Bg6 22. Rh4 Qf6 23. Rh2 a6 24. Nd4 b5 25. Kd1 Nc6 26. Nxc6 Rxc6 27. Nb3 Rac8 28. Nd4 Rb6 29. a3 Rcb8 30. Qa2 Qe5 31. Rgh1 a5 32. Bh5 b4 33. Bxg6 fxg6 34. axb4 axb4 35. c4 Qd6 36. cxd5 Ra6 37. Qb3 Ra5 38. Ke2 Rxd5 39. Rc1 Kf8 40. Rg2 g5 41. Rc6 Qd7 42. Ne6+ Ke8 43. Nc7+ Kf7 44. Qxd5+ Qxd5 45. Nxd5 Rb5 46. Nb6 g6 47. Nc4 Bf8 48. Nd6+ Bxd6 49. Rxd6 b3 50. Rg4 Rc5 51. Rxe4 Rc2+ 52. Rd2 Rc5 53. Rb4 g4 54. Rxg4 Rb5 55. Rc4 Kf6 56. Rd3 g5 57. Rcc3 Kf5 58. Rxb3 Ra5 59. Rd4 Rc5 60. Rc3 Rb5 61. b4 Rb8 62. Rc5+ Kg6 63. Rg4 Ra8 64. Rgxg5+ Kf6 65. Rgd5 Ke6 66. e4 Ra2+ 67. Rd2 Ra1 68. Rb2 Ra8 69. Rd5 Rb8 70. b5 Rb7 71. b6 Ke7 72. Rc5 Kd6 73. Rc7 Rb8 74. e5+ Kxe5 75. b7 1-0